Desahogos particulares
I tiakina i:
| Kaituhi matua: | |
|---|---|
| Hōputu: | Pukapuka |
| Reo: | Pāniora |
| I whakaputaina: |
Madrid
Renacimiento
1922
|
| Rangatū: | Obras Completas de Juan Pérez Zúñiga, 9
|
| Ngā marau: | |
| Ngā Tūtohu: |
Tāpirihia he Tūtohu
Kāore He Tūtohu, Me noho koe te mea tuatahi ki te tūtohu i tēnei pūkete!
|
MARC
| LEADER | 00000nam a2200000 a 4500 | ||
|---|---|---|---|
| 001 | UCZ5885 | ||
| 003 | CL-VaPUC | ||
| 008 | 951127e19220000SP |||||||||||||||||spa|d | ||
| 082 | 0 | 4 | |a 861 |b PER |2 21 |
| 100 | 0 | |a Pérez Zúñiga, Juan |e author |9 350058 | |
| 245 | 1 | 0 | |a Desahogos particulares |
| 300 | |a 301 p | ||
| 942 | |c BK | ||
| 945 | |d 19951127 00:00:00 |a rbrito | ||
| 260 | |a Madrid |b Renacimiento |c 1922 | ||
| 650 | 0 | |a Poesías españolas |9 265100 | |
| 583 | |a last modification |c 19951127 00:00:00 |k Rodrigo Vera | ||
| 490 | 0 | |a Obras Completas de Juan Pérez Zúñiga, 9 | |
| 999 | |c 242163 |d 242161 | ||
| 952 | |0 0 |1 0 |4 0 |6 861_000000000000000_PER_1922 |7 0 |8 A |9 254920 |a BIBEDU |b BIBEDU |d 2019-11-19 |i 3155064 |l 1 |o 861 PER 1922 |p 3155064 |r 2022-09-27 |s 2022-09-26 |w 2019-11-19 |y BK |k LIT | ||